Site characterization and aggregation of implanted atoms in materials /

Bibliographic Details
Corporate Author: NATO Advanced Study Institute Aleria, France
Other Authors: Perez, A., Coussement, R. (Romain)
Format: Conference Proceeding Book
Language:English
Published: New York : Plenum Press, [1980]
Series:NATO advanced study institutes series. Physics ; v. 47.
Subjects:

MARC

Tag First Indicator Second Indicator Subfields
LEADER 00000pam a2200000 i 4500
001 in00000061435
005 20151007082745.0
008 790801s1980 nyua b 10110 eng
010 |a  79019008  
020 |a 0306402998 
035 |a (OCoLC)05286202 
035 |9 AAF8362AM 
040 |a DLC  |c DLC  |d TXA  |d UtOrBLW 
049 |a TXAM  |c [1159841] 
050 0 0 |a QC702.7.I55  |b N37 1978 
082 0 |a 301.31 
111 2 |a NATO Advanced Study Institute  |d (1978 :  |c Aleria, France) 
245 1 0 |a Site characterization and aggregation of implanted atoms in materials /  |c edited by A. Perez and R. Coussement. 
264 1 |a New York :  |b Plenum Press,  |c [1980] 
264 4 |c ©1980 
300 |a xi, 520 pages :  |b illustrations ;  |c 26 cm. 
336 |a text  |b txt  |2 rdacontent 
337 |a unmediated  |b n  |2 rdamedia 
338 |a volume  |b nc  |2 rdacarrier 
490 1 |a NATO advanced study institutes series. Series B, Physics ;  |v v. 47 
500 |a "Lectures presented at the NATO Advanced Study Institute, held in Aleria, Corsica, September 10-23, 1978." 
504 |a Includes bibliographical references and index. 
650 0 |a Ion implantation  |v Congresses. 
700 1 |a Perez, A. 
700 1 |a Coussement, R.  |q (Romain) 
830 0 |a NATO advanced study institutes series.  |n Series B,  |p Physics ;  |v v. 47. 
999 |a MARS 
999 f f |s a973bbe0-bbbc-394b-afd4-83a099431c95  |i f4ac2d5d-9482-30ca-a206-e9a2658931f6  |t 0 
952 f f |p ric  |a Texas A&M University  |b Rellis Campus  |c Joint Library Facility  |d Remote Storage  |t 0  |e QC702.7.I55 N37 1978  |h Library of Congress classification  |i unmediated -- volume  |m A14804640647 
998 f f |a QC702.7.I55 N37 1978  |t 0  |l Remote Storage